000 00781nam a2200289Ia 4500
008 160803s9999 xx 000 0 und d
020 _a9780545474047
100 _aMichalak, Jamie
245 _aJoe and Sparky, superstars! /
245 _cJamie Michalak ; illustrated by Frank Remkiewicz.
260 _aNew York :
260 _bScholastic Inc.
260 _c2011
300 _a37 pages :
300 _bcolor illustrations ;
300 _c23 cm
500 _aOriginally published: Somerville, Massachussets. : Candlewick Press, c2011.
650 _aAbility --
650 _aFriendship --
650 _aGiraffe --
650 _aTurtles --
650 _xFiction.
650 _xFiction.
650 _xFiction.
650 _xFiction.
700 _a270
999 _c299617
_d299617